Sanat - "Kauniita lauseita" - Jannika B, Toni Wirtanen - Statistics

Yleistilastot
  • Tätä visaa on pelattu 5 kertaa
  • Keskiarvotulos 73 / 145
Vastaustilastot
Vastaus % Oikein
heijastuu
100%
iholle
100%
ja
100%
kaipaan
100%
kasvoille
100%
me
100%
ruudun
100%
Siks
100%
Siksi
100%
siksi
100%
sun
100%
valo
100%
älyy
50%
Anteeks
50%
ei
50%
en
50%
et
50%
fokus
50%
ignooraa
50%
ihan
50%
jos
50%
kaa
50%
katoaa
50%
kauniita
50%
kuitenkaan
50%
Kun
50%
kun
50%
lämpöön
50%
lauseita
50%
liikaa
50%
loppui
50%
50%
mei
50%
meidän
50%
mielen
50%
Miksi
50%
miksi
50%
miljoonii
50%
mun
50%
mut
50%
on
50%
oot
50%
osata
50%
osattu
50%
päällä
50%
pätkii
50%
sanat
50%
sanoo
50%
sua
50%
tääl
50%
tarkoituksella
50%
taustahälyy
50%
Tuntuu
50%
tyhjyyteen
50%
vaan
50%
Vaan
50%
yhtäkkii
50%
yhteytemme
50%
aina
0%
aurinko
0%
että
0%
hetkeksi
0%
lupaa
0%
luulen
0%
niin
0%
pintaan
0%
puhun
0%
sammuu
0%
suren
0%
taas
0%
tummuu
0%
uidaan
0%
vedet
0%
Ehtoja vastaavia visoja ei löytynyt
Tulosjakauma
Jokaisen tuloksen saaneiden osuus
Persentiili vastausten määrän mukaan
Tuloshistoriasi
Et ole pelannut tätä visaa